00625nam a22002057a 450000500170000001000110001702000100002803500110003803700160004904000120006508200160007710000180009324501290011126000430024027000120028330000240029550000540031965000220037365000240039520170124110102.0 a396897 c00.00 a396897 bCen Lib/Ret aDPLbEN a954.12bRAI aRai, Satya M. aPartion of the punjab :cby Satya M. Rai ba study of its effects on the politics and administration of the punjab 1947-56 / bAsia Publishing House c1965 aBombay  bBombay  axv, 304p.c22cm(Hb) aIncludes bibliographical references and appendix  aHistory zPunjab  aPartition of india